• 首页
  • 本馆介绍
  • 公告通知
  • 最新文献
  • 馆藏检索
  • 电子资源
  • 读者导购
  • 参考咨询
  • 我的图书馆
  • 登录
  • 详细信息显示
  • 放入我的书架
  • 预约/预借图书
  • 作者相关作品
  • 分类相关作品
  • 丛书相关作品
  • 出版社相关作品

书目信息

  • 表格格式
  • 工作单格式
  • 卡片格式
题名:
化学化工常用软件实例教程
    
 
作者: 彭智 , 陈悦 编
分册:  
出版信息: 北京   化学工业出版社  2006
页数: 244页
开本: 26cm
丛书名:
单 册:
中图分类: O6-39 , TQ015.9
科图分类:
主题词: 化学--Hua Xue--应用软件 , 化学工业--Hua Xue Gong Ye--应用软件
电子资源:
ISBN: 978-7-5025-7827-5
000 00790cam0 2200265 450
001 012001003616
005 20131104173419.0
010    @a978-7-5025-7827-5@dCNY28.00
099    @aCAL 012006015347
100    @a20060301d2006 ekmy0chiy0121 ea
101 0  @achi
102    @aCN@b110000
105    @aak z 000yy
106    @ar
200 1  @a化学化工常用软件实例教程@AHua Xue Hua Gong Chang Yong Ruan Jian Shi Li Jiao Cheng@f彭智, 陈悦编
210    @a北京@c化学工业出版社@d2006
215    @a244页@c图@d26cm
606 0  @a化学@AHua Xue@x应用软件
606 0  @a化学工业@AHua Xue Gong Ye@x应用软件
690    @aO6-39@v4
690    @aTQ015.9@v4
701  0 @a彭智@APeng Zhi@4编
701  0 @a陈悦@AChen Yue@4编
801  2 @aCN@b上海新华@c20191020
905    @b1205999-6002@dO6-39@e1064@f4
    
    化学化工常用软件实例教程/彭智, 陈悦编.-北京:化学工业出版社,2006
    244页:图;26cm
    
    
    ISBN 978-7-5025-7827-5:CNY28.00
    
●
相关链接 在E读中查询图书 在五车中查询图书 在当当中查询图书 在豆瓣中查询图书


正题名:化学化工常用软件实例教程     索取号:O6-39/1064         预约/预借

序号 登录号 条形码 馆藏地/架位号 状态 备注
1 1205999   212059993   第二样本阅览室/ [索取号:O6-39/1064] 在馆    
2 1206000   212060008   第三借阅区/ [索取号:O6-39/1064] 在馆    
3 1206001   212060017   第三借阅区/ [索取号:O6-39/1064] 在馆    
4 1206002   212060026   第三借阅区/ [索取号:O6-39/1064] 在馆    
唐山师范学院图书馆 欢迎您!
大连网信软件有限公司© 版权所有